Мобильность программного обеспечения: пер. с англ.

Dettagli Bibliografici
Altri autori: Браун П. (редактор)
Lingua:russo
Pubblicazione: Москва, Мир, 1980
Soggetti:
Natura: MixedMaterials Libro
KOHA link:https://koha.lib.tpu.ru/cgi-bin/koha/opac-detail.pl?biblionumber=74815

MARC

LEADER 00000nam0a2200000 4500
001 74815
005 20231031085840.0
035 |a (RuTPU)RU\TPU\book\79792 
090 |a 74815 
100 |a 20050314d1980 km y0rusy50 ca 
101 1 |a rus  |c eng 
102 |a RU 
105 |a y z 001zy 
200 1 |a Мобильность программного обеспечения  |e пер. с англ.  |f Под ред. П. Брауна 
210 |a Москва  |c Мир  |d 1980 
215 |a 336 с. 
320 |a Предметный указатель: с. 332-334. 
610 1 |a вычислительная техника 
610 1 |a вычислительные машины 
610 1 |a программное обеспечение 
610 1 |a мобильность 
610 1 |a инструментальные средства 
610 1 |a Алгол 60 
610 1 |a Фортран 
675 |a 681.3.06  |v 3 
702 1 |a Браун  |b П.  |4 340 
801 1 |a RU  |b 63413507  |c 20050314  |g PSBO 
801 2 |a RU  |b 63413507  |c 20160712  |g PSBO 
942 |c BK